000 00487nam a2200193 a 4500
001 1777027203661
003 YourLibrary
005 20260424161208.0
008 260424s1996##################000#0#eng##
020 _a9780815302209
082 0 4 _a344.73099QUI
100 1 _aQuirk, Charles E.,
_eauthor.
245 1 0 _aSports and the Law :
260 _bTaylor & Francis,
_c1996.
300 _a340 pages
650 0 _aLaw.
942 _cENGLISH
040 _aYourLibrary
_beng
_cYourLibrary
999 _c619870
_d619870